| 000 | 00768cam a22002533a 4500 | ||
|---|---|---|---|
| 001 | 2844 | ||
| 003 | PGUSA | ||
| 005 | 20140828083022.0 | ||
| 008 | 060327s2006||||xxu|||||s|||||000 1 eng d | ||
| 040 |
_aPGUSA _beng |
||
| 042 | _adc | ||
| 050 | 4 | _aPR | |
| 100 | 1 |
_aThackeray, William Makepeace, _d1811-1863 |
|
| 245 | 1 | 4 |
_aThe Fatal Boots _h[electronic resource] / _cWilliam Makepeace Thackeray |
| 260 |
_bProject Gutenberg, _c2006 |
||
| 506 | _aPublic domain in the USA. | ||
| 516 | _aElectronic text | ||
| 653 | _aEarly memories -- Fiction | ||
| 653 | _aFamily life -- Fiction | ||
| 653 | _aEngland -- Social life and customs -- 19th century -- Fiction | ||
| 830 | 0 |
_aProject Gutenberg _v2844 |
|
| 856 | 4 | 0 | _uhttp://www.gutenberg.org/ebooks/2844 |
| 942 | _cEB | ||
| 999 |
_c232176 _d232176 |
||